Kidu malayalam: (Record no. 181719)

000 -LEADER
fixed length control field 00375nam a2200145 4500
020 ## - INTERNATIONAL STANDARD BOOK NUMBER
ISBN 9788194741442
082 ## - DEWEY DECIMAL CLASSIFICATION NUMBER
Classification number M 894.812
Item number SAJ/K
100 ## - MAIN ENTRY--AUTHOR NAME
Personal name Sajula P
245 ## - TITLE STATEMENT
Title Kidu malayalam:
Sub Title SET pareekshasahayi/
Statement of responsibility, etc by Sajula P
260 ## - PUBLICATION, DISTRIBUTION, ETC. (IMPRINT)
Place of publication Kozhikkode:
Name of publisher Atma books,
Year of publication 2020.
300 ## - PHYSICAL DESCRIPTION
Number of Pages 376p.
650 ## - SUBJECT ADDED ENTRY--TOPICAL TERM
Topical Term Language Malayalam
650 ## - SUBJECT ADDED ENTRY--TOPICAL TERM
Topical Term Literature Malayalam
942 ## - ADDED ENTRY ELEMENTS (KOHA)
Koha item type Book
Holdings
Withdrawn status Lost status Damaged status Not for loan Permanent Location Current Location Shelving location Date acquired Cost, normal purchase price Full call number Accession Number Price effective from Koha item type
        Sree Sankaracharya University of Sanskrit Sree Sankaracharya University of Sanskrit Stacks 21.05.2026 475.00 M 894.812 SAJ/K 108876 21.05.2026 Book